Qui suis-je ? Football 2023 #8 - Statistiques

Statistiques générales
  • Ce quiz a été pris 170 fois
  • Le résultat moyen est 2 sur 8
Statistiques - réponses
Par images Réponse % Correct
Kaboré
77%
Spence
53%
Guéhi
18%
Rovella
10%
Timber
10%
Kudus
9%
Lindstorm
4%
Singo
4%
Aucun quiz correspondant
Distribution des résultats
% des personnes avec chaque résultat
Percentile par nombre de réponses
Votre historique - résultats
Vous n’avez pas pris ce quiz